Raices Revista de Plantas Medicinales (Registro nro. 1249)

Detalles MARC
000 -LEADER
fixed length control field 00559nas a22001457a 4500
008 - CAMPO DE CONTROL RECURSOS CONTINUADOS
fixed length control field 130313t19959999ag ||||| |||| 00| 0 spa d
245 ## - TITULO
Titulo Raices Revista de Plantas Medicinales
260 ## - PUBLICACION, DISTRIBUCION, ETC. (PIE DE IMPRENTA)
Lugar de publicación, distribución, etc Buenos Aires:
Nombre de la editorial, distribuidor, etc. Centro de Estudios sobre Tecnologias Apropiadas de la Argentina,
Fecha de publicación 1995
300 ## - DESCRIPCION FISICA
Extensión v. :
310 ## - FRECUENCIA ACTUAL DE LA PUBLICACION
Frecuencia actual de la publicación cuatrimestral
546 ## - NOTA DE IDIOMA
Nota de lenguaje español
590 ## - NOTAS LOCALES (RLIN)
Nota local Existencias: 1995 6(10,11); 1996 7(13,14); 1998 9(18-20); 1999 10(21,23); 2000 11(24); 2002 11(26,27); 2003 11(28) 12(29); 2004 12(30,31)
650 ## - MATERIA-TERMINO TEMATICO
Término temático PLANTAS MEDICINALES
9 (RLIN) 1976
942 ## - ADDED ENTRY ELEMENTS (KOHA)
Source of classification or shelving scheme Dewey Decimal Classification
Item type Continuing Resources

No hay ítems disponibles.


UNIVERSIDAD NACIONAL DEL COMAHUE
Biblioteca de la Facultad de Ciencias Médicas
Sede Toschi: Los Arrayanes y Av. Toschi, Cipolletti  - Rio Negro
Sede Los Tordos:  Yrigoyen al 2211, Cipolletti - Rio Negro 

Teléfono: 0299 - 4774707 int 25
Contacto: biblioteca@facimed.uncoma.edu.ar
© 2011 - 2026